[Event "Gatineau op"]
[Site "Gatineau CAN"]
[Date "2014.01.28"]
[Round "1"]
[White "Upper, John"]
[Black "Lebrun, Roger"]
[Result "1-0"]
[WhiteElo "2227"]
[BlackElo "1939"]
[PlyCount "43"]
[EventDate "2014.02.28"]
[EventType "swiss"]
[EventRounds "5"]
[EventCountry "CAN"]

1. d4 Nf6 2. c4 e5 3. dxe5 Ng4 4. Bf4 Bb4+ 5. Nd2 Nc6 6. Ngf3 Qe7 7. a3 Ngxe5
8. Nxe5 Nxe5 9. e3 Bxd2+ 10. Qxd2 O-O 11. Be2 d6 12. O-O Bf5 13. Rac1 b6 14.
Rfd1 Rfe8 15. b4 Nd7 16. c5 bxc5 17. Bb5 Rab8 18. Bxd7 Qxd7 19. bxc5 Re6 20.
Qa5 Qd8 21. cxd6 cxd6 22. Qxf5 1-0

[Event "Gatineau op"]
[Site "Gatineau CAN"]
[Date "2014.03.01"]
[Round "2"]
[White "De Kerpel, Stijn"]
[Black "Barlow Wilkes, Curtis"]
[Result "1-0"]
[WhiteElo "2227"]
[BlackElo "1835"]
[PlyCount "65"]
[EventDate "2014.02.28"]
[EventType "swiss"]
[EventRounds "5"]
[EventCountry "CAN"]

1. e4 e6 2. d4 d5 3. Nc3 Bb4 4. exd5 exd5 5. Bd3 Nc6 6. a3 Be7 7. Nce2 Bg4 8.
c3 Nf6 9. Qc2 Qd7 10. h3 Bh5 11. Nf4 Bg6 12. Nxg6 hxg6 13. Nf3 Qe6+ 14. Be3 Ng4
15. O-O-O Nxe3 16. fxe3 f5 17. Rde1 O-O-O 18. c4 Rhe8 19. c5 Bf6 20. Re2 Ne7
21. Qa4 Kb8 22. b4 g5 23. g3 g4 24. Ne1 gxh3 25. Nc2 Bg5 26. b5 Nc8 27. Kb1 Qh6
28. Bxf5 Bxe3 29. Rxh3 Qg5 30. g4 Bd2 31. Rxe8 Rxe8 32. b6 c6 33. Bxc8 1-0

[Event "Gatineau op"]
[Site "Gatineau CAN"]
[Date "2014.03.01"]
[Round "2"]
[White "Gelblum, Robert"]
[Black "Qin, Yuxuan"]
[Result "1-0"]
[WhiteElo "2236"]
[BlackElo "2038"]
[PlyCount "23"]
[EventDate "2014.02.28"]
[EventType "swiss"]
[EventRounds "5"]
[EventCountry "CAN"]

1. e4 e5 2. Nc3 f5 3. exf5 Nf6 4. g4 Bc5 5. g5 O-O 6. gxf6 Qxf6 7. Qf3 c6 8.
Ne4 Qe7 9. f6 gxf6 10. Nxc5 Qxc5 11. Qc3 Qe7 12. d3 1-0

[Event "Gatineau op"]
[Site "Gatineau CAN"]
[Date "2014.03.01"]
[Round "2"]
[White "Jobin, Gilles G"]
[Black "Libersan, Mattieu"]
[Result "1/2-1/2"]
[WhiteElo "1896"]
[BlackElo "1976"]
[PlyCount "60"]
[EventDate "2014.02.28"]
[EventType "swiss"]
[EventRounds "5"]
[EventCountry "CAN"]

1. d4 Nf6 2. Nf3 c6 3. e3 d5 4. Bd3 e6 5. Nbd2 Nbd7 6. O-O Bd6 7. b3 O-O 8. Bb2
Re8 9. Ne5 b6 10. f4 c5 11. g4 Bb7 12. g5 Ne4 13. Bxe4 dxe4 14. Ndc4 Bxe5 15.
dxe5 Ba6 16. Nd6 Bxf1 17. Nxe8 Qxe8 18. Qxf1 Nf8 19. Qc4 Qc6 20. Rd1 b5 21. Qe2
Ng6 22. Rd6 Qb7 23. Qd1 Rf8 24. a3 Nh4 25. Rd7 Nf3+ 26. Kg2 Qb6 27. Rd6 Qb7 28.
Rd7 Qb6 29. Rd6 Qb7 30. Rd7 Qb6 1/2-1/2

[Event "Gatineau op"]
[Site "Gatineau CAN"]
[Date "2014.03.01"]
[Round "2"]
[White "Laferriere, Bruno"]
[Black "Pacey, Kevin"]
[Result "1/2-1/2"]
[WhiteElo "1790"]
[BlackElo "2216"]
[PlyCount "164"]
[EventDate "2014.02.28"]
[EventType "swiss"]
[EventRounds "5"]
[EventCountry "CAN"]

1. d4 Nf6 2. c4 e6 3. Nc3 Bb4 4. Qc2 O-O 5. Bg5 c5 6. e3 h6 7. Bh4 b6 8. Be2
Bb7 9. Bf3 Bxf3 10. Nxf3 cxd4 11. Nxd4 Bxc3+ 12. Qxc3 Ne4 13. Bxd8 Nxc3 14. Be7
Re8 15. Bb4 Ne4 16. f3 Na6 17. Ba3 Nec5 18. O-O-O d5 19. cxd5 exd5 20. Rhe1
Rac8 21. Kb1 Nc7 22. Nf5 Re5 23. g4 Rce8 24. b3 g6 25. Nxh6+ Kg7 26. g5 Rxe3
27. Bb2+ Kf8 28. Rxe3 Rxe3 29. Ng4 Rd3 30. Re1 N7e6 31. Be5 Ke7 32. Bf6+ Ke8
33. Ne5 Rd2 34. Rc1 a5 35. a3 Re2 36. b4 Rxe5 37. bxc5 Re3 38. cxb6 Rb3+ 39.
Ka2 Rxb6 40. Rc8+ Kd7 41. Ra8 Nc7 42. Ra7 Ra6 43. Rb7 Kc6 44. Rb8 Ne6 45. Rc8+
Kb5 46. h4 Ka4 47. Be7 Rb6 48. Ra8 Kb5 49. Bd8 Nxd8 50. Rxd8 Kc4 51. Rd7 f6 52.
h5 fxg5 53. h6 d4 54. h7 Rb8 55. Rc7+ Kd3 56. Rg7 Rh8 57. Kb3 Ke3 58. Rxg6 Rxh7
59. Rxg5 Rc7 60. Rxa5 Kxf3 61. Rd5 Ke4 62. Rd8 d3 63. Re8+ Kf3 64. Rf8+ Ke2 65.
Re8+ Kd1 66. Rd8 d2 67. Kb2 Rb7+ 68. Ka2 Re7 69. Kb2 Ke1 70. Kb3 d1=Q+ 71.
Rxd1+ Kxd1 72. Kc4 Ra7 73. Kb4 Kc2 74. a4 Rh7 75. a5 Kd3 76. a6 Kd4 77. Kb5 Kd5
78. Kb6 Rh6+ 79. Kb7 Kc5 80. a7 Rh7+ 81. Ka6 Rh6+ 82. Kb7 Rh7+ 1/2-1/2

[Event "Gatineau op"]
[Site "Gatineau CAN"]
[Date "2014.03.01"]
[Round "2"]
[White "Lebrun, Roger"]
[Black "Cummins, Paul"]
[Result "0-1"]
[WhiteElo "1939"]
[BlackElo "1817"]
[PlyCount "86"]
[EventDate "2014.02.28"]
[EventType "swiss"]
[EventRounds "5"]
[EventCountry "CAN"]

1. e4 c5 2. d4 e6 3. Nf3 cxd4 4. c3 d3 5. Bxd3 Nc6 6. O-O Qc7 7. Re1 Bc5 8.
Nbd2 a6 9. a4 Nf6 10. h3 d5 11. e5 Nd7 12. Nb3 Be7 13. Bf4 Nc5 14. Nxc5 Bxc5
15. Be3 Be7 16. Bc2 Na5 17. Nd4 Bd7 18. Qg4 g6 19. Bf4 Nc6 20. Rad1 O-O-O 21.
Nxc6 Bxc6 22. Bg5 Kb8 23. Bxe7 Qxe7 24. b4 h5 25. Qd4 b5 26. Bd3 Qb7 27. axb5
Bxb5 28. Bxb5 Qxb5 29. Ra1 Kb7 30. Ra5 Qc4 31. Rea1 Ra8 32. Qxc4 dxc4 33. b5
axb5 34. Rxb5+ Kc6 35. Rab1 Ra3 36. Rb6+ Kd5 37. R1b5+ Ke4 38. Rb7 Rxc3 39.
Rxf7 Rc8 40. Rf6 Rb3 41. Ra5 c3 42. f3+ Ke3 43. Ra1 c2 0-1

[Event "Gatineau op"]
[Site "Gatineau CAN"]
[Date "2014.03.01"]
[Round "2"]
[White "Marchand, Jacques"]
[Black "Devine, Norman"]
[Result "1-0"]
[WhiteElo "2004"]
[BlackElo "1743"]
[PlyCount "23"]
[EventDate "2014.02.28"]
[EventType "swiss"]
[EventRounds "5"]
[EventCountry "CAN"]

1. e4 e5 2. d4 exd4 3. Nf3 c5 4. Bc4 Nc6 5. O-O Be7 6. c3 Bf6 7. e5 Be7 8. cxd4
cxd4 9. Qb3 Nh6 10. Bxh6 gxh6 11. Bxf7+ Kf8 12. Bh5 1-0

[Event "Gatineau op"]
[Site "Gatineau CAN"]
[Date "2014.03.01"]
[Round "2"]
[White "Martin, Spencer"]
[Black "Zhou, Qiyu"]
[Result "0-1"]
[WhiteElo "1888"]
[BlackElo "2209"]
[PlyCount "98"]
[EventDate "2014.02.28"]
[EventType "swiss"]
[EventRounds "5"]
[EventCountry "CAN"]

1. e4 e5 2. Nc3 Nf6 3. Bc4 Nc6 4. d3 Be7 5. f4 d6 6. Nf3 Bg4 7. O-O Nd4 8. fxe5
Bxf3 9. gxf3 dxe5 10. f4 Bd6 11. Nd5 exf4 12. Bxf4 Nxd5 13. Bxd6 Qxd6 14. Bxd5
O-O-O 15. c3 Qg6+ 16. Kh1 Nb5 17. Bxf7 Qh6 18. d4 Kb8 19. e5 c6 20. a4 Nc7 21.
Qe2 Ne6 22. Qg4 Nc7 23. Rf2 c5 24. Raf1 Qc6+ 25. Kg1 cxd4 26. cxd4 Qxa4 27. Rf4
Qb4 28. b3 g6 29. R1f3 Nb5 30. Rd3 Nc7 31. Qg3 Qe7 32. e6 Ka8 33. Re4 Nb5 34.
Qe5 Nd6 35. Ree3 Nxf7 36. exf7 Qxf7 37. Rf3 Qd7 38. Qf4 a6 39. d5 Rhe8 40. Qd4
Qd6 41. Qf2 Re5 42. Rf6 Qd7 43. Rf7 Qg4+ 44. Kf1 Qe4 45. Qf3 Qe1+ 46. Kg2 Rg5+
47. Kh3 Rh5+ 48. Kg2 Qh4 49. Qg3 Rg5 0-1

[Event "Gatineau op"]
[Site "Gatineau CAN"]
[Date "2014.03.01"]
[Round "2"]
[White "Potvin, Daniel"]
[Black "Villeneuve, Robert"]
[Result "1/2-1/2"]
[WhiteElo "1622"]
[BlackElo "2053"]
[PlyCount "112"]
[EventDate "2014.02.28"]
[EventType "swiss"]
[EventRounds "5"]
[EventCountry "CAN"]

1. b3 Nf6 2. Bb2 e6 3. e3 d5 4. Nf3 c5 5. c4 Nc6 6. cxd5 exd5 7. Bb5 Bg4 8. h3
Bh5 9. g4 Bg6 10. Ne5 Qd6 11. Bxc6+ bxc6 12. Nxg6 hxg6 13. d3 Qe6 14. Qf3 Bd6
15. Nd2 Be5 16. Bxe5 Qxe5 17. Ke2 O-O 18. h4 Rfe8 19. Rac1 d4 20. Nc4 Qe6 21.
g5 Nd5 22. e4 Nc3+ 23. Rxc3 dxc3 24. Rc1 f6 25. gxf6 Rf8 26. Ne3 Rxf6 27. Qg4
Qf7 28. Nd1 Rf8 29. Qg3 Rf3 30. Qg2 Qb7 31. Qxf3 Rxf3 32. Kxf3 Qa6 33. Rxc3
Qxa2 34. Ke3 Qa1 35. Kd2 Qa3 36. Ke3 Qb4 37. Kd2 Kh7 38. Kc2 Kh6 39. Rc4 Qe1
40. Rxc5 Qe2+ 41. Kc1 Qxd3 42. Rxc6 Qxb3 43. Nc3 a5 44. e5 Qb7 45. Rc4 Qb3 46.
Rc6 a4 47. e6 Qb4 48. Rc8 Kh5 49. Kc2 a3 50. Ra8 Qd6 51. f3 g5 52. hxg5 Qxe6
53. Rxa3 Qf5+ 54. Ne4 Qf4 55. Kd1 Qh2 56. Rc3 Qb2 1/2-1/2

[Event "Gatineau op"]
[Site "Gatineau CAN"]
[Date "2014.03.01"]
[Round "2"]
[White "Sambuev, Bator"]
[Black "Doubleday, William"]
[Result "1-0"]
[WhiteElo "2511"]
[BlackElo "2028"]
[PlyCount "67"]
[EventDate "2014.02.28"]
[EventType "swiss"]
[EventRounds "5"]
[EventCountry "CAN"]

1. d4 d5 2. Nf3 c6 3. e3 Nf6 4. c4 e6 5. Nbd2 Be7 6. b3 O-O 7. Bd3 a5 8. a3 b6
9. O-O Nbd7 10. Bb2 Bb7 11. Qe2 Re8 12. Ne5 Nxe5 13. dxe5 Nd7 14. f4 f5 15. g4
g6 16. gxf5 gxf5 17. Nf3 c5 18. cxd5 Bxd5 19. e4 fxe4 20. Bxe4 Bxe4 21. Qxe4
Nf8 22. Rad1 Qc7 23. f5 exf5 24. Qd5+ Kg7 25. e6+ Bf6 26. Bxf6+ Kxf6 27. Nh4 f4
28. Qf5+ Kg7 29. Rxf4 Nxe6 30. Qf6+ Kg8 31. Rg4+ Ng7 32. Nf5 Ra7 33. Rf1 Qe5
34. Nh6+ 1-0

[Event "Gatineau op"]
[Site "Gatineau CAN"]
[Date "2014.03.01"]
[Round "2"]
[White "Villeneuve, Luc"]
[Black "Forget, David"]
[Result "0-1"]
[WhiteElo "1857"]
[BlackElo "1902"]
[PlyCount "90"]
[EventDate "2014.02.28"]
[EventType "swiss"]
[EventRounds "5"]
[EventCountry "CAN"]

1. Nf3 d5 2. b3 Bg4 3. Bb2 Nd7 4. d4 e6 5. Nbd2 Ngf6 6. g3 Bd6 7. Bg2 O-O 8.
O-O c6 9. Ne5 Bf5 10. c4 Bxe5 11. dxe5 Ng4 12. cxd5 exd5 13. e4 dxe4 14. Nc4
Be6 15. Nd6 Qc7 16. Nxe4 Ngxe5 17. Ba3 Rfd8 18. Be7 Re8 19. Bd6 Qb6 20. Qd2 Bh3
21. Qc3 Bxg2 22. Kxg2 Ng4 23. Rae1 Ngf6 24. Nxf6+ Nxf6 25. Bc5 Qc7 26. Rxe8+
Rxe8 27. Qf3 a6 28. Bd4 Nd5 29. Qg4 f6 30. Rd1 Qe7 31. Rd2 Qe1 32. Rc2 Qe4+ 33.
Qxe4 Rxe4 34. Rd2 Kf7 35. f3 Re6 36. Kf2 Ke7 37. Bc5+ Kd7 38. Bf8 g6 39. Bc5
Kc7 40. Bd4 Ne7 41. Re2 Rxe2+ 42. Kxe2 Nd5 43. Kd2 Kd6 44. a3 g5 45. Bb2 h5 0-1

[Event "Gatineau op"]
[Site "Gatineau CAN"]
[Date "2014.03.01"]
[Round "2"]
[White "Wan, Kevin"]
[Black "Yang, Ryan"]
[Result "1/2-1/2"]
[WhiteElo "2184"]
[BlackElo "1866"]
[PlyCount "107"]
[EventDate "2014.02.28"]
[EventType "swiss"]
[EventRounds "5"]
[EventCountry "CAN"]

1. d4 Nf6 2. c4 e6 3. Nc3 Bb4 4. Bg5 b6 5. e4 h6 6. Bxf6 Qxf6 7. g3 Bb7 8. Bg2
Qg6 9. Qe2 O-O 10. Qe3 Bxc3+ 11. bxc3 d6 12. f4 e5 13. f5 Qf6 14. d5 Ba6 15.
Bf1 Nd7 16. h4 h5 17. Nf3 g6 18. Bh3 Nc5 19. g4 hxg4 20. Bxg4 Bxc4 21. Nd2 Ba6
22. c4 Kg7 23. h5 g5 24. h6+ Kh7 25. Rh5 Rg8 26. a4 Qe7 27. f6 Qxf6 28. Bf5+
Kh8 29. Ke2 Qe7 30. Qg3 f6 31. Rh2 Bc8 32. Qg4 Bxf5 33. Qxf5 Raf8 34. h7 Rg7
35. Rh6 Qd7 36. Qf3 g4 37. Qg3 Rff7 38. Rf1 Rxh7 39. Rhxf6 Rxf6 40. Rxf6 Qe7
41. Rf5 Qh4 42. Rf8+ Kg7 43. Qxh4 Rxh4 44. Rc8 Rh2+ 45. Ke3 Rh3+ 46. Ke2 Rh2+
47. Ke3 Rh3+ 48. Ke2 Nxa4 49. Rxc7+ Kf6 50. Rd7 Nc3+ 51. Kf2 Rh2+ 52. Ke3 g3
53. Rxd6+ Ke7 54. Rg6 1/2-1/2

[Event "Gatineau op"]
[Site "Gatineau CAN"]
[Date "2014.03.01"]
[Round "3"]
[White "Barlow Wilkes, Curtis"]
[Black "Adriaanse, Adam"]
[Result "0-1"]
[WhiteElo "1835"]
[BlackElo "2097"]
[PlyCount "58"]
[EventDate "2014.02.28"]
[EventType "swiss"]
[EventRounds "5"]
[EventCountry "CAN"]

1. e4 c5 2. Nc3 Nc6 3. g3 g6 4. Bg2 Bg7 5. d3 Nf6 6. Be3 d6 7. h3 Rb8 8. Qd2 b5
9. Bh6 O-O 10. Bxg7 Kxg7 11. Nf3 b4 12. Ne2 e6 13. O-O d5 14. exd5 exd5 15. g4
Be6 16. Ng3 Nd7 17. d4 c4 18. Rfe1 Nb6 19. Ne5 Nxe5 20. Rxe5 c3 21. Qf4 cxb2
22. Rae1 Nc4 23. Rh5 gxh5 24. Nxh5+ Kh8 25. Nf6 Rg8 26. Qh6 Rg7 27. Bf1 b1=Q
28. Rxb1 Nd2 29. Bd3 Ne4 0-1

[Event "Gatineau op"]
[Site "Gatineau CAN"]
[Date "2014.03.01"]
[Round "3"]
[White "Cummins, Paul"]
[Black "Wan, Kevin"]
[Result "0-1"]
[WhiteElo "1817"]
[BlackElo "2184"]
[PlyCount "84"]
[EventDate "2014.02.28"]
[EventType "swiss"]
[EventRounds "5"]
[EventCountry "CAN"]

1. e4 e6 2. d4 d5 3. Nd2 Nf6 4. e5 Nfd7 5. Bd3 c5 6. c3 Nc6 7. Ngf3 cxd4 8.
cxd4 Qb6 9. O-O Nxd4 10. Nxd4 Qxd4 11. Nf3 Qb6 12. Qa4 Qb4 13. Qc2 g6 14. Bd2
Qc5 15. Bc3 Bg7 16. Qa4 a6 17. Rac1 b5 18. Qh4 Qb6 19. Bb4 Bf8 20. Bxf8 Kxf8
21. Qf4 Kg7 22. Ng5 Rf8 23. Be2 h6 24. Nf3 Bb7 25. Rc3 Rac8 26. Rfc1 Rxc3 27.
Rxc3 Rc8 28. Rxc8 Bxc8 29. h4 Nc5 30. Nd4 Nd7 31. Qe3 Qc7 32. f4 Qa5 33. Bd3
Qxa2 34. Qg3 Nc5 35. Bxg6 fxg6 36. Qc3 Qc4 37. Qd2 Nb3 38. Nxb3 Qxb3 39. Qf2
Qd1+ 40. Kh2 d4 41. b3 Bb7 42. b4 Qg4 0-1

[Event "Gatineau op"]
[Site "Gatineau CAN"]
[Date "2014.03.01"]
[Round "3"]
[White "Desjardins, Michel"]
[Black "Villeneuve, Luc"]
[Result "1-0"]
[WhiteElo "1971"]
[BlackElo "1857"]
[PlyCount "98"]
[EventDate "2014.02.28"]
[EventType "swiss"]
[EventRounds "5"]
[EventCountry "CAN"]

1. e4 c5 2. Nc3 Nc6 3. g3 g6 4. Bg2 Bg7 5. d3 e6 6. Be3 d6 7. Qd2 Nd4 8. Nge2
Ne7 9. O-O O-O 10. Rab1 Nec6 11. a3 Kh8 12. b4 Nxe2+ 13. Nxe2 b6 14. Bh6 Bd7
15. Bxg7+ Kxg7 16. d4 Qe7 17. Rfd1 cxb4 18. axb4 Rfd8 19. f4 Rdc8 20. d5 Nd8
21. dxe6 Bxe6 22. Nd4 Bg4 23. Rf1 Bd7 24. f5 Qe5 25. Kh1 f6 26. fxg6 hxg6 27.
Nf3 Qe7 28. Rbd1 Nf7 29. Nd4 Rc4 30. Rf2 Qe5 31. Bf1 Rcc8 32. Re1 Rf8 33. Nf3
Qe7 34. b5 Rac8 35. Nd4 Ne5 36. Qb4 Rc5 37. Rd2 Bg4 38. Bg2 Bd7 39. Rf1 Ng4 40.
Qb3 Ne5 41. h3 Nc4 42. Rdf2 Ne5 43. g4 Rc4 44. Qb2 Rc5 45. g5 f5 46. exf5 Qxg5
47. Ne6+ Bxe6 48. fxe6 Rxf2 49. Rxf2 Qe3 1-0

[Event "Gatineau op"]
[Site "Gatineau CAN"]
[Date "2014.03.01"]
[Round "3"]
[White "Devine, Norman"]
[Black "Simic, Dusan"]
[Result "0-1"]
[WhiteElo "1743"]
[BlackElo "2175"]
[PlyCount "142"]
[EventDate "2014.02.28"]
[EventType "swiss"]
[EventRounds "5"]
[EventCountry "CAN"]

1. Nf3 Nf6 2. c4 g6 3. Nc3 Bg7 4. e4 d6 5. d4 O-O 6. Be2 Nbd7 7. O-O e5 8. Be3
Ng4 9. Bg5 f6 10. Bh4 c6 11. h3 Nh6 12. d5 c5 13. Nd2 g5 14. Bg3 f5 15. f3 f4
16. Bh2 Nf7 17. Kf2 h5 18. Rh1 Nf6 19. Bg1 Nh6 20. Ke1 Rf7 21. Bf2 Bf8 22. Qb3
Rb8 23. a4 Rg7 24. Kd1 Be7 25. Kc2 Ne8 26. Qa3 Nc7 27. Nb5 a6 28. Nxc7 Qxc7 29.
Qc3 Nf7 30. b3 b6 31. Ra2 Bd8 32. Raa1 Bd7 33. Ra2 Be8 34. Qa1 Qc8 35. Qf1 Nh8
36. Rh2 Ng6 37. Nb1 Nf8 38. Nc3 Nd7 39. Ra1 Nf6 40. Ra2 Rbb7 41. Rh1 Bd7 42.
Ra1 Ne8 43. Bd3 Nc7 44. Qe2 Qb8 45. Ra3 Ne8 46. Raa1 Nf6 47. Kd2 Be8 48. Kc2
Qc8 49. Kd2 Rg6 50. Rh2 Rh7 51. Rah1 Bd7 52. Kc2 Kf7 53. Qd1 Be7 54. Qe2 Rgh6
55. Be1 Qh8 56. Qf1 Kg7 57. Nd1 Kf7 58. Nf2 g4 59. hxg4 hxg4 60. Rxh6 Rxh6 61.
Rxh6 Qxh6 62. Qh1 Qxh1 63. Nxh1 g3 64. Bf1 Ne8 65. a5 Bd8 66. axb6 Bxb6 67. b4
cxb4 68. Bxb4 Ba4+ 69. Kb2 Bc5 70. Be1 Nc7 71. Be2 Bb6 0-1

[Event "Gatineau op"]
[Site "Gatineau CAN"]
[Date "2014.03.01"]
[Round "3"]
[White "Doubleday, William"]
[Black "Laferriere, Bruno"]
[Result "1/2-1/2"]
[WhiteElo "2202"]
[BlackElo "1790"]
[PlyCount "154"]
[EventDate "2014.02.28"]
[EventType "swiss"]
[EventRounds "5"]
[EventCountry "CAN"]

1. d4 Nf6 2. c4 e6 3. Nc3 Bb4 4. e3 c5 5. Nge2 O-O 6. a3 Bxc3+ 7. Nxc3 cxd4 8.
exd4 d5 9. Be3 a6 10. Bd3 Nc6 11. O-O dxc4 12. Bxc4 b5 13. Ba2 Bb7 14. Rc1 Rc8
15. Qd3 Ne5 16. Qe2 Nc4 17. Rfd1 h6 18. Bf4 Nd5 19. Bg3 Nxc3 20. Rxc3 Bd5 21.
Bb1 f5 22. f3 Qg5 23. Bf2 Rb8 24. Rdc1 Rf6 25. Bg3 Rbf8 26. Bd3 f4 27. Bf2 Ne3
28. Be1 Nf5 29. Bxf5 Rxf5 30. Rc8 R5f7 31. Bb4 Rxc8 32. Rxc8+ Kh7 33. Qd3+ g6
34. Bd6 Qf5 35. Qxf5 Rxf5 36. Rc7+ Kg8 37. Be5 g5 38. Rg7+ Kf8 39. Ra7 Rf7 40.
Rxa6 Rb7 41. Ra8+ Kf7 42. Rh8 Kg6 43. Rg8+ Kh7 44. Rb8 Rxb8 45. Bxb8 Kg6 46.
Kf2 h5 47. g3 fxg3+ 48. hxg3 Kf5 49. Bd6 g4 50. fxg4+ hxg4 51. Ke3 Bc4 52. Be5
Bf1 53. Kd2 Ke4 54. Kc3 Kd5 55. Kb4 Kc6 56. a4 bxa4 57. Kxa4 Be2 58. Kb4 Bf1
59. Kc3 Kb5 60. Kd2 Bg2 61. Ke3 Bf3 62. Kf4 Kc4 63. Bg7 Kb3 64. Bf6 Kc4 65. Ke5
Bd5 66. Kf4 Bf3 67. Ke3 Kb3 68. Be5 Bd5 69. Kf4 Bf3 70. Kg5 Kc4 71. Bg7 Kb3 72.
Bh8 Kc4 73. Kf4 Kb3 74. Bg7 Kc4 75. Ke3 Kb3 76. Bf6 Bd5 77. Kf4 Bf3 1/2-1/2

[Event "Gatineau op"]
[Site "Gatineau CAN"]
[Date "2014.03.01"]
[Round "3"]
[White "Forget, David"]
[Black "Upper, John"]
[Result "0-1"]
[WhiteElo "1902"]
[BlackElo "2227"]
[PlyCount "56"]
[EventDate "2014.02.28"]
[EventType "swiss"]
[EventRounds "5"]
[EventCountry "CAN"]

1. d4 Nf6 2. c4 e6 3. Nc3 Bb4 4. Bd2 O-O 5. e3 d5 6. Nf3 b6 7. cxd5 exd5 8. Bd3
c5 9. dxc5 bxc5 10. Ne2 Nc6 11. Rc1 Qb6 12. O-O Bxd2 13. Qxd2 c4 14. Bb1 Rb8
15. Rc2 Bf5 16. Rcc1 Be6 17. Ned4 Nxd4 18. Qxd4 Qxd4 19. Nxd4 Rxb2 20. Rc2 Rfb8
21. Rxb2 Rxb2 22. Rc1 Ng4 23. Nc2 g6 24. a4 Bf5 25. h3 Ne5 26. Na3 Bxb1 27.
Rxb1 Ra2 28. Nb5 Rxa4 0-1

[Event "Gatineau op"]
[Site "Gatineau CAN"]
[Date "2014.03.01"]
[Round "3"]
[White "Gelblum, Robert"]
[Black "Sambuev, Bator"]
[Result "0-1"]
[WhiteElo "2236"]
[BlackElo "2511"]
[PlyCount "84"]
[EventDate "2014.02.28"]
[EventType "swiss"]
[EventRounds "5"]
[EventCountry "CAN"]

1. e4 e6 2. d3 c5 3. g3 Nc6 4. Bg2 g6 5. Nc3 Bg7 6. Be3 d6 7. Qd2 Rb8 8. Nge2
b5 9. d4 b4 10. Nd1 cxd4 11. Nxd4 Ne5 12. Qe2 Qa5 13. Bf1 Ne7 14. f4 N5c6 15.
Nxc6 Nxc6 16. Qd2 O-O 17. Bg2 Ba6 18. Kf2 Rfd8 19. Re1 d5 20. exd5 Ne7 21. Bxa7
Nxd5 22. Kg1 Rbc8 23. Qf2 Qa4 24. Rc1 Qxa2 25. b3 Qa3 26. Ne3 Nxe3 27. Bxe3 Qb2
28. Kh1 h5 29. h3 Bd4 30. Bxd4 Qxd4 31. Qxd4 Rxd4 32. Re4 Rd2 33. Rxb4 Rc3 34.
Kh2 Be2 35. Kh1 Rxg3 36. c4 Bd1 37. Rxd1 Rxd1+ 38. Kh2 Rc3 39. Rb5 Rd2 40. c5
Rcc2 41. b4 Rxg2+ 42. Kh1 Rgd2 0-1

[Event "Gatineau op"]
[Site "Gatineau CAN"]
[Date "2014.03.01"]
[Round "3"]
[White "Kellar, Ben"]
[Black "Jobin, Gilles G"]
[Result "1-0"]
[WhiteElo "1956"]
[BlackElo "1896"]
[PlyCount "76"]
[EventDate "2014.02.28"]
[EventType "swiss"]
[EventRounds "5"]
[EventCountry "CAN"]

1. c4 g6 2. g3 Bg7 3. Bg2 c5 4. Nf3 Nc6 5. O-O Nf6 6. Nc3 O-O 7. d3 d6 8. Rb1
Bd7 9. a3 Qc8 10. Re1 Rb8 11. b4 b6 12. e4 e5 13. Bg5 Ne8 14. b5 Nd4 15. Be7
Bg4 16. Nd5 Nc7 17. Bxd6 Nxd5 18. cxd5 Rb7 19. Bxf8 Kxf8 20. h3 Bxf3 21. Bxf3
h5 22. Bg2 Bh6 23. Rf1 Qd8 24. f4 h4 25. Qe1 Re7 26. fxe5 Rxe5 27. gxh4 Kg7 28.
Rb2 f5 29. Qg3 f4 30. Qe1 Qf6 31. Bf3 Nxf3+ 32. Rxf3 Rxd5 33. exd5 Qxb2 34.
Qe7+ Kg8 35. d6 Qd4+ 36. Kg2 Qb2+ 37. Rf2 Qxb5 38. d7 f3+ 1-0

[Event "Gatineau op"]
[Site "Gatineau CAN"]
[Date "2014.03.01"]
[Round "3"]
[White "Libersan, Mattieu"]
[Black "Martin, Spencer"]
[Result "1-0"]
[WhiteElo "1976"]
[BlackElo "1888"]
[PlyCount "63"]
[EventDate "2014.02.28"]
[EventType "swiss"]
[EventRounds "5"]
[EventCountry "CAN"]

1. e4 e5 2. Nf3 Nf6 3. Nxe5 d6 4. Nf3 Nxe4 5. Nc3 Nxc3 6. dxc3 Be7 7. Bd3 Nd7
8. Be3 Nc5 9. Bxc5 dxc5 10. Qe2 O-O 11. O-O-O Bd6 12. Rhe1 Be6 13. h4 g6 14. h5
Re8 15. hxg6 Bf4+ 16. Kb1 Bxa2+ 17. Kxa2 Rxe2 18. gxf7+ Kg7 19. Rxe2 Qd5+ 20.
Kb1 Qxf7 21. Rde1 Kf8 22. g3 c4 23. Re4 Bd6 24. Ng5 Qh5 25. Ne6+ Kg8 26. Bxc4
Kh8 27. Rh4 Qe8 28. Reh1 Qg6 29. Rh6 Qf7 30. Bd3 Qxf2 31. Rxh7+ Kg8 32. Rg7#
1-0

[Event "Gatineau op"]
[Site "Gatineau CAN"]
[Date "2014.03.01"]
[Round "3"]
[White "Qin, Yuxuan"]
[Black "Krolczyk, Jacob"]
[Result "1-0"]
[WhiteElo "2038"]
[BlackElo "1851"]
[PlyCount "88"]
[EventDate "2014.02.28"]
[EventType "swiss"]
[EventRounds "5"]
[EventCountry "CAN"]

1. e4 c5 2. Nc3 Nc6 3. g3 g6 4. d3 Bg7 5. Bg2 e6 6. f4 Nge7 7. Nf3 d5 8. Bd2
O-O 9. O-O Rb8 10. Rb1 b5 11. Ne2 a5 12. Bc3 d4 13. Bd2 Qb6 14. g4 c4 15. Ng3
f5 16. gxf5 exf5 17. e5 Ba6 18. Ng5 c3 19. Be1 Nd8 20. bxc3 h6 21. Nf3 dxc3+
22. Bf2 Qc7 23. Nd4 Re8 24. Nb3 Bb7 25. Bxb7 Rxb7 26. Qf3 Ne6 27. Nxa5 Ra7 28.
Rxb5 Rxa5 29. Bb6 Nd4 30. Qf2 Qc6 31. Rxa5 Qxb6 32. Ra4 Nec6 33. Rc4 Rd8 34.
Kg2 Qb7 35. Kh3 Qb2 36. Qg2 Qb6 37. Rxc3 Kh7 38. Qg1 Qb7 39. Rb1 Qd7 40. Qf2
Qd5 41. Ra3 g5 42. Nh5 g4+ 43. Kg3 Nxc2 44. Rb7 Rg8 1-0

[Event "Gatineau op"]
[Site "Gatineau CAN"]
[Date "2014.03.01"]
[Round "3"]
[White "Villeneuve, Robert"]
[Black "Pilotte, Benoit"]
[Result "1-0"]
[WhiteElo "2053"]
[BlackElo "1812"]
[PlyCount "111"]
[EventDate "2014.02.28"]
[EventType "swiss"]
[EventRounds "5"]
[EventCountry "CAN"]

1. e4 g5 2. d4 h6 3. Nc3 Bg7 4. Bc4 d6 5. h4 g4 6. Nge2 Nc6 7. Be3 h5 8. Qd2 e6
9. O-O-O a6 10. Kb1 b5 11. Bd3 Nb4 12. f3 Nxd3 13. cxd3 b4 14. Na4 a5 15. b3
Bd7 16. Nb2 Nf6 17. Rc1 Qb8 18. Qc2 Kd8 19. Bg5 Kc8 20. Nc4 Ne8 21. fxg4 a4 22.
gxh5 axb3 23. Qxb3 Rxh5 24. g4 Rh8 25. h5 Qa7 26. Be3 d5 27. Nb2 Nd6 28. Rc5
Nb5 29. Rhc1 Bf8 30. Rxc7+ Nxc7 31. Bf4 Kd8 32. Bxc7+ Ke8 33. exd5 exd5 34. Nf4
Be6 35. Be5 Rg8 36. Rc7 Qa3 37. Nxd5 Qxb3 38. Nf6+ Kd8 39. axb3 Rg5 40. Bf4
Rga5 41. Kc2 Rc8 42. Rxc8+ Kxc8 43. h6 Ra3 44. h7 Bxb3+ 45. Kd2 Bg7 46. Be5 Ra2
47. Nh5 Rxb2+ 48. Ke1 f6 49. Nxf6 Rb1+ 50. Kf2 Bc2 51. Ke3 b3 52. Nh5 Re1+ 53.
Kd2 Rxe5 54. dxe5 Bxe5 55. g5 Kd7 56. Nf6+ 1-0

[Event "Gatineau op"]
[Site "Gatineau CAN"]
[Date "2014.03.01"]
[Round "3"]
[White "Yang, Ryan"]
[Black "Pacey, Kevin"]
[Result "0-1"]
[WhiteElo "1866"]
[BlackElo "2216"]
[PlyCount "88"]
[EventDate "2014.02.28"]
[EventType "swiss"]
[EventRounds "5"]
[EventCountry "CAN"]

1. e4 e5 2. Nf3 Nc6 3. Bb5 a6 4. Ba4 Nf6 5. O-O Nxe4 6. d4 b5 7. Bb3 d5 8. dxe5
Be6 9. c3 Bc5 10. Nbd2 O-O 11. Bc2 Nxf2 12. Rxf2 f6 13. Nb3 Bxf2+ 14. Kxf2 fxe5
15. Kg1 Bg4 16. Bxh7+ Kxh7 17. Ng5+ Qxg5 18. Bxg5 Bxd1 19. Rxd1 d4 20. cxd4
Nxd4 21. Nxd4 exd4 22. Rxd4 Rae8 23. h3 Re2 24. Bd2 Rff2 25. Bc3 Rxg2+ 26. Kf1
Ref2+ 27. Ke1 Rxb2 28. Bxb2 Rxb2 29. a4 Ra2 30. axb5 axb5 31. Rb4 c6 32. Rb3
Rc2 33. Kd1 Rc4 34. Kd2 Kh6 35. Kd3 Kg5 36. Ke2 Kh4 37. Kd2 g5 38. Kd1 b4 39.
Kd2 c5 40. Kd3 Rc3+ 41. Rxc3 bxc3 42. Kxc3 Kxh3 43. Kc4 g4 44. Kxc5 g3 0-1